000 00813nam a2200205 i 4500
001 30330
003 ES-MaACL
005 20230909063109.0
007 t|
008 030124s1917 sp ||||1| spa d
100 1 _aBarras de Aragón, Francisco de las,
_d1869-1955
_925859
245 1 0 _aNoticia de los trabajos iconográficos iniciados en el Jardín Botánico de Madrid el siglo XVIII /
_cFrancisco de las Barras de Aragón.
260 _aMadrid :
_b[s.n.,
_c1917]
300 _a3 p. ;
_c25 cm.
500 _a(Datos recogidos en el Archivo de Indias de Sevilla)
500 _aEs tirada aparte del Boletin de la Real Sociedad Española de Historia natural. Tomo XVII. (Páginas 527-529)
710 2 _aArchivo General de Indias.
_9149748
852 _aES-MaACL
_j1602-F-19
999 _c30330
_d30330